| 000 | 01725cam a2200469 a 4500 | ||
|---|---|---|---|
| 001 | 246903 | ||
| 003 | ARRUPE | ||
| 005 | 20160812104420.0 | ||
| 008 | 840817s1983 nr b 000 0 eng | ||
| 010 | _a 85200952 | ||
| 020 | _a9781360461 (pbk.) | ||
| 035 | _a(OCoLC)11651414 | ||
| 035 | _a(OCoLC)ocm11651414 | ||
| 035 | _a(CStRLIN)NYCG84-B52448 | ||
| 035 | _a(NNC)246903 | ||
| 040 |
_dCStRLIN _dNNC _cDCL |
||
| 041 | 1 | _aengfre | |
| 043 |
_an-us--- _af------ |
||
| 050 | 0 |
_aPS338.N4 _bR513 1983 |
|
| 082 | 0 |
_a812/.009/896 _219 |
|
| 090 |
_aPS338.N4 _bR513 1983 |
||
| 100 | 1 |
_aRicard, Alain, _d1945- _94275 |
|
| 240 | 1 | 0 |
_aThéâtre et nationalisme. _lEnglish |
| 245 | 1 | 0 |
_aTheatre and nationalism : _bWole Soyinka and LeRoi Jones / _c[Alain Ricard] ; translated by Femi Osofisan. |
| 260 |
_aIle-Ife, Nigeria : _bUniversity of Ife Press, _cc1983. |
||
| 300 |
_a205 p. ; _c23 cm. |
||
| 490 | 1 |
_aIfe comparative studies series ; _vno. 2 |
|
| 500 | _aTranslation of: Théâtre et nationalisme. | ||
| 500 | _aIncludes index. | ||
| 504 | _aBibliography: p. [188]-205. | ||
| 600 | 1 | 0 |
_aBaraka, Amiri, _d1934-2014 _xCriticism and interpretation. _924929 |
| 600 | 1 | 0 |
_aSoyinka, Wole _xCriticism and interpretation. _924930 |
| 650 | 0 |
_aAmerican drama _xAfrican American authors _xHistory and criticism. _924931 |
|
| 650 | 0 |
_aAfrican drama _xHistory and criticism. _924932 |
|
| 650 | 0 |
_aComparative literature _xAmerican and African. _924933 |
|
| 650 | 0 |
_aComparative literature _xAfrican and American. _924934 |
|
| 650 | 0 |
_aNationalism and literature. _924935 |
|
| 650 | 0 |
_aTheater and society. _923434 |
|
| 830 | 0 |
_aIfe comparative studies series ; _vno. 2. _924936 |
|
| 942 |
_2lcc _cMONOGRAPH |
||
| 999 |
_c124960 _d124960 |
||